Top 50 Weakest Militaries - Statistics

General Stats
  • This quiz has been taken 35 times
  • The average score is 35 of 50
Answer Stats
Rank Country Reliance for Defense % Correct
1 Vatican City Italy
97%
8 San Marino Italy
93%
5 Federated States of Micronesia United States
86%
17 Tonga New Zealand
86%
2 Tuvalu Australia
86%
7 Liechtenstein Switzerland
83%
3 Nauru Australia
83%
22 Maldives India
79%
9 Monaco France
79%
4 Palau United States
79%
23 Andorra France
76%
26 Barbados United Kingdom
76%
20 Bhutan India
76%
21 Brunei United Kingdom
76%
10 Kiribati Australia
76%
6 Marshall Islands United States
76%
12 Saint Kitts and Nevis United Kingdom
76%
14 Saint Vincent and the Grenadines United Kingdom
76%
18 Samoa New Zealand
76%
32 Solomon Islands Australia
76%
15 Grenada United Kingdom
72%
34 Lesotho South Africa
72%
36 Timor Leste Australia
72%
48 Yemen Saudi Arabia
72%
27 Antigua and Barbuda United Kingdom
69%
25 Belize United Kingdom
69%
29 Djibouti France
69%
28 Eswatini South Africa
69%
44 Guinea France
69%
33 Guinea Bissau Portugal
69%
50 Iceland NATO
69%
24 Saint Lucia United Kingdom
69%
19 Vanuatu Australia
69%
11 Comoros France
66%
13 Dominica United Kingdom
66%
35 Gambia ECOWAS
66%
37 Liberia United States
66%
16 Seychelles India
66%
40 Suriname Self Defense
66%
30 Cape Verde Portugal
62%
46 Moldova Self Defense
62%
38 Haiti United Nations
59%
31 Central African Republic Russia
55%
45 Chad France
55%
39 Mauritania France
55%
42 Niger Self Defense
55%
43 Burkina Faso Russia
45%
41 Palestine Self Defense
45%
47 Paraguay Self Defense
28%
49 North Macedon NATO
17%
No matching quizzes found
Score Distribution
Percent of People with Each Score
Percentile by Number Answered
Your Score History
You have not taken this quiz